1890 1260 1938 1016 1469 1107 1201 1542 1050 1246 1094 1437 1435 1581 1832 1627 1626 1717 1071 1162 1602 1910 1551 1397 1742 1894 1118 1269 1786 1398 1625 1340 1912 1814 1790 1525 1247 1195 1887 1398 1235 1464 1622 1908 1584 1026 1331 1458 1423 1226 1248 1604 1186 1292 1391 1701 1983 1980 1899 1011 1193 1690 1404 1768 1421 1039 1747 1164 1443 1005 1148 1460 1872 1735 1327 1252 1785 1045 1091 1015 1809 1181 1699 1488 1803 1975 1201 1081 1875 1843 1563 1722 1036 1536 1581 1640 1607 1945 1166 BCNSPRNW ULIB Ver.6.0+V

เปลี่ยนเป็นภาษาไทย

Change to English
 แสดงรายละเอียดบรรณานุกรม
  กลับหน้าหลัก

Brief Record : Get Marc (ISO 2709) : E-mail record : QR code < ปิดหน้าต่าง
LEADER : 00000nam 2200000uu 4500
001    13399121026
003     ULIB
008    121030s2552||||th 000 0 tha d
020    ^a9786160800308
050  4 ^aHQ772^bL998ส
100 1  ^aเอซึดอ, ยอ
245 10 ^aสร้างลูกอัจฉริยะสมองใส สุขภาพดีก่อนวัย 13 =^bHealth under 13 years decides the brain /^cเอซึดอ ยอ ; กาญจนา ประสพเนตร, แปล
246 31 ^aHealth under 19 years decides the brain
260    ^aกรุงเทพฯ :^bซีเอ็ดยูเคชั่น,^c2552
300    ^a256 หน้า
650  4 ^aสุขวิทยา
650  4 ^aเด็ก^xการเลี้ยงดู
650  4 ^aเด็ก^xการดูแล
650  4 ^aเด็ก^xสุขภาพอนามัย
700 0  ^aกาญจนา ประสพเนตร
945    ^p195^l0^i17703
995    ^aทศพร
999    ^aทศพร เกษรทอง
รายการนี้ยังไม่มีแท็ก
คุณยังไม่ได้ล็อกอิน คุณสามารถมีกิจกรรมร่วมกับเว็บไซต์ได้ แต่ต้องล็อกอินก่อน ::
  ล็อกอิน

รายการสื่อสารสนเทศ

ลำดับที่ ประเภท เลขเรียก/บาร์โค้ด สถานที่ สถานะ
1. วิทยาศาสตร์การแพทย์ และสุขภาพ
วิทยาศาสตร์การแพทย์ และสุขภาพ
HQ772 L998ส ฉ.1 
  Barcode: 17703
ห้องสมุดวิทยาเขตสวรรค์ประชารักษ์
►หนังสือทั่วไป
บนชั้น

รายการใกล้เคียง
    ผู้แต่ง [เอซึดอ, ยอ]

    หัวเรื่อง [สุขวิทยา]
    หัวเรื่อง [เด็ก การดูแล]

BibComment


ยังไม่เคยถูกคอมเมนท์

คอมเมนท์ทรัพยากรรายการนี้
  คอมเมนท์: สร้างลูกอัจฉริยะ..


 Copyright 2026. Bcnsprnw @Library